Nelson Textbook of Pediatrics (Record no. 3957)

MARC details
000 -LEADER
fixed length control field 01156cam a22003494a 4500
001 - CONTROL NUMBER
control field 14630808
003 - CONTROL NUMBER IDENTIFIER
control field OSt
005 - DATE AND TIME OF LATEST TRANSACTION
control field 20231030062446.0
008 - FIXED-LENGTH DATA ELEMENTS--GENERAL INFORMATION
fixed length control field 061108s2007 paua b 001 0 eng
010 ## - LIBRARY OF CONGRESS CONTROL NUMBER
LC control number 2006037517
016 7# - NATIONAL BIBLIOGRAPHIC AGENCY CONTROL NUMBER
Record control number 101292064
Source DNLM
020 ## - INTERNATIONAL STANDARD BOOK NUMBER
International Standard Book Number 9781416024507
020 ## - INTERNATIONAL STANDARD BOOK NUMBER
International Standard Book Number 1416024506
035 ## - SYSTEM CONTROL NUMBER
System control number (OCoLC)ocm76183546
035 ## - SYSTEM CONTROL NUMBER
System control number (OCoLC)76183546
040 ## - CATALOGING SOURCE
Original cataloging agency DNLM/DLC
Transcribing agency DLC
Modifying agency NLM
-- BTCTA
-- BAKER
-- C#P
-- YDXCP
-- DLC
042 ## - AUTHENTICATION CODE
Authentication code pcc
050 00 - LIBRARY OF CONGRESS CALL NUMBER
Classification number RJ45
Item number .N4 2007
060 10 - NATIONAL LIBRARY OF MEDICINE CALL NUMBER
Classification number WS 100
Item number N432 2007
082 00 - DEWEY DECIMAL CLASSIFICATION NUMBER
Classification number WO 100 N331r 2007
Edition number 22
100 ## - MAIN ENTRY--PERSONAL NAME
Personal name Kliegman, Robert; Nelson, Waldo E.
9 (RLIN) 16818
245 00 - TITLE STATEMENT
Title Nelson Textbook of Pediatrics
250 ## - EDITION STATEMENT
Edition statement 18th ed.
260 ## - PUBLICATION, DISTRIBUTION, ETC. (IMPRINT)
Place of publication, distribution, etc. Philadelphia;
Name of publisher, distributor, etc. Saunders,
Date of publication, distribution, etc. 2007.
300 ## - PHYSICAL DESCRIPTION
Extent lii, 3147 p. :
Other physical details col.ill;
Dimensions 29 cm.
504 ## - BIBLIOGRAPHY, ETC. NOTE
Bibliography, etc Includes bibliographical references and index.
650 #0 - SUBJECT ADDED ENTRY--TOPICAL TERM
Topical term or geographic name as entry element Pediatrics.
9 (RLIN) 3353
856 41 - ELECTRONIC LOCATION AND ACCESS
Materials specified Table of contents only
Uniform Resource Identifier http://www.loc.gov/catdir/toc/ecip074/2006037517.html
906 ## - LOCAL DATA ELEMENT F, LDF (RLIN)
a 7
b cbc
c orignew
d 1
e ecip
f 20
g y-gencatlg
942 ## - ADDED ENTRY ELEMENTS (KOHA)
Source of classification or shelving scheme Dewey Decimal Classification
Koha item type Short Loan
Holdings
Withdrawn status Lost status Source of classification or shelving scheme Damaged status Not for loan Home library Current library Date acquired Source of acquisition Inventory number Total Checkouts Full call number Barcode Date last seen Koha item type
    Other/Generic Classification Scheme     MUST Main Library MUST Main Library 10/05/2016 Purchase 11/33480   WO 100 N331r 2007 2016-1720 10/05/2016 Short Loan